000 00696nam a2200241Ia 4500
003 OSt
005 20220924132025.0
006 a|||||r|||| 00| 0
007 ta
008 220923b |||||||| |||| 00| 0 tel d
020 _c80
024 _a335047
037 _cTextual
040 _aARTS
_cARTS
_btel
041 _2tel
_atel
082 _aO35,3M961:g, N5
100 _aKovela Suprasanna Charya
_9203567
245 0 _aViswanatha asankalita sahityam
_b IV roopakalu sampadakeeyalu
260 _aWarangal
_bViswanatha bharathi
_c1995
650 _aTELUGU FICTION
942 _hO35,3M961:g, N5
_cTEXL
_2CC
999 _c429029
_d429029